Biblioteca

¿Cómo se determina si una educación es buena? (Registro nro. 66945)

Detalles MARC
000 -LÍDER
Campo fijo de descripción fija 01413nab a2200229 i 4500
001 - NÚMERO DE CONTROL
Campo de control 768714001
003 - IDENTIFICADOR DEL NÚMERO DE CONTROL
Campo de control CO-MdFUSB
005 - FECHA Y HORA DE LA ULTIMA TRANSACCIÓN
control field 20230111152721.0
008 - ELEMENTOS DE LONGITUD FIJA -- INFORMACIÓN GENERAL
Campo fijo de descripción fija -- Información general 211009b ck ||||| |||| 00| 0 spa d
022 ## - NÚMERO INTERNACIONAL NORMALIZADO PARA PUBLICACIONES SERIADAS
Número Internacional Normalizado para Publicaciones Seriadas 1014-9341
040 ## - FUENTE DE CATALOGACIÓN
Idioma de catalogación spa
Agencia que realiza la transcripción CO-MdFUSB
Agencia que realiza la modificación CO-MdFUSB
041 ## - CÓDIGO DE IDIOMA
Código de idioma para texto/pista de sonido o título separado spa
100 ## - ASIENTO PRINCIPAL--NOMBRE PERSONAL
Término relacionador autor
Nombre personal Kasper, Roberto
245 ## - TÍTULO
Título ¿Cómo se determina si una educación es buena?
Mención de responsabilidad / Roberto Kasper
300 ## - DESCRIPCIÓN FÍSICA
Extensión Número 36 (Enero - Junio, 2005), páginas 73-98
Dimensiones ; 22 cm
520 ## - NOTA DE RESUMEN, ETC.
Nota de sumario, etc. Una educación no se adquiere solamente en la escuela, sino en la totalidad de la vida. La calidad de la educación no se puede medir por los criterios tradicionales: títulos de los docentes, recursos en la biblioteca, requisitos de ingreso, cantidad de trabajo asignado, plantel, etc. Una buena educación no pone demasiado énfasis en la trasmisión de información; enfoca más en el aprendizaje que en la enseñanza; guía a los estudiantes a aprender a aprender - a pensar, cuestionar, evaluar y aplicar información a su realidad; y desarrolla en forma equilibrada la totalidad de la persona: su pensar, su sentir y su hacer.
650 #0 - ASIENTO SECUNDARIO DE MATERIA - TERMINO TEMÁTICO
9 (RLIN) 984
Término temático o nombre geográfico como elemento de entrada Educación
690 ## - CAMPO LOCAL DE ACCESO TEMÁTICO
Término temático o nombre geográfico como elemento de entrada Teología bíblica
773 0# - ASIENTO DE ITEM FUENTE
Biblionumber 49489
Itemnumber 61224
Otro identificador del ítem R2147
Título Kairós
Número de control del registro (CO-MdFUSB)24
Número Internacional Normalizado para Publicaciones Seriadas (ISSN) 1014-9341
Parte(s) relacionada(s) / Volumen., número. (mes año), páginas Número 36 (enero-junio,2005), páginas 73-98
Enumeración y primera página 73
773 0# - ASIENTO DE ITEM FUENTE
Biblionumber 49489
Itemnumber 81321
Título Kairós
Parte(s) relacionada(s) / Volumen., número. (mes año), páginas Número 36 (enero-junio,2005), páginas 73-98
Enumeración y primera página 73
942 ## - TIPO DE MATERIAL (KOHA)
Tipo de Item KOHA Artículos de Revista

No hay ítems disponibles.

Biblioteca FUSBC | Teléfono: (57+4) 349 88 10 Ext. 141| WhatsApp (+57) 3005338115 
E-mail: biblioteca@unisbc.edu.co | Calle 76 87-14 Robledo Palenque, Medellín, Colombia

Con tecnología Koha